Hills and valleys of India / (Record no. 164908)
[ view plain ]
| 000 -LEADER | |
|---|---|
| fixed length control field | 00545nam a22001817a 4500 |
| 005 - DATE AND TIME OF LATEST TRANSACTION | |
| control field | 20190529163707.0 |
| 010 ## - LCCN (DPL NO) | |
| LC control number | ENG-125397 |
| 020 ## - INTERNATIONAL STANDARD BOOK NUMBER | |
| International Standard Book Number | 9788192557526 |
| Terms of availability | 490.00 |
| 035 ## - SYSTEM CONTROL NUMBER | |
| System control number | EN-108929 |
| 037 ## - SOURCE OF ACQUISITION | |
| Source of stock number/acquisition | DBAD/PUB |
| 082 ## - DEWEY DECIMAL CLASSIFICATION NUMBER | |
| Classification number | 551.436 |
| 100 ## - MAIN ENTRY--PERSONAL NAME | |
| Personal name | Bhardwaj, Umesh |
| 245 ## - TITLE STATEMENT | |
| Title | Hills and valleys of India / |
| Statement of responsibility, etc | by Umesh Bhardwaj |
| 260 ## - PUBLICATION, DISTRIBUTION, ETC. (IMPRINT) | |
| Place of publication, distribution, etc | New Delhi |
| Name of publisher, distributor, etc | Aryan Prakashan |
| Date of publication, distribution, etc | 2015 |
| 270 ## - ADDRESS | |
| Address | H-1/48, Bengal Colony, Mahaveer Enclave (Palam) |
| City | New Delhi |
| Postal code | 110045 |
| 300 ## - PHYSICAL DESCRIPTION | |
| Extent | 152p. |
| Dimensions | 22cm(Hb) |
| 942 ## - ADDED ENTRY ELEMENTS (KOHA) | |
| Source of classification or shelving scheme | Dewey Decimal Classification |
| Item type | English Books |
| Classification part | 551.436 |
| Call number suffix | BHA |
| Withdrawn status | Lost status | Not for loan | Collection code | Home library | Current library | Date acquired | Source of acquisition | Cost, normal purchase price | Full call number | Barcode | Copy number | Cost, replacement price | Koha item type |
|---|---|---|---|---|---|---|---|---|---|---|---|---|---|
| Non-fiction | Central Library | Central Library | 29/05/2019 | DBAD/PUB | 490.00 | 551.436 BHA | EN-108929 | 1 | 490.00 | English Books |
